000 00636nam a2200229Ia 4500
005 20241216011145.0
008 190212s9999||||xx |||||||||||||| ||und||
020 _a968-444-198-3
082 _a658.15
_bO32
100 _aOCHOA SETZER, GUADALUPE A.
245 0 _aADMINISTRACION FINANCIERA I
250 _a0
260 _aMEXICO
_bALHAMBRA MEXICANA
_c1996
300 _a416 pag
_c32 cm
341 _h53.51
490 _v0
_a0
505 _aFINANZAS-ANALISIS-BALANCE GENERAL/PRECIOS-AQUIDEZ
541 _aC
_bSAN CRISTOBAL S.A.
_d13-Aug-98
_oSoles
650 _aCIENCIAS APLICADAS
856 _zCiencias Aplicadas
942 _cLIBRO
999 _c34173
_d34173